000 00266dam a22000977a 4500
999 _c2985
_d2985
008 190528e1976 cl ||||| |||| 00| 0 spa d
100 _aPumarino, Hugo
245 _aEndocrinologia y metabolismo
260 _aSantiago [Chile]
_bEditorial Andres Bello
_c1976
500 _aBaja